000 00619nam a2200181Ia 4500
003 GCL
008 140319s9999 xx 000 0 ara d
040 _aGCL /
_cGCL
082 0 4 _a347.62
_bن ع
100 1 _aنبيل اسماعيل عمر
245 1 0 _aعدم فاعلية الجزاءات الاجرائية فى قانون المرافعات /
_cنبيل اسماعيل عمر
260 _a[S.N] :
_bمكتبه النهضه المصريه ،
_c1977
300 _a302 ص
490 _aالكتب القانونية
_v0
650 0 4 _aالقانون
650 0 4 _aقانون المرافعات
942 _2ddc
_cBK
999 _c42594
_d42594